| 000 | 00933nas a2200301 4500 | ||
|---|---|---|---|
| 001 | BR0200419 | ||
| 003 | BR-BrBNA | ||
| 005 | 20231205102705.0 | ||
| 007 | ta | ||
| 008 | 230509b bl.|||p| |||| 00| 00por d | ||
| 040 |
_aBR-BrBNA _bpor _cBiblioteca Nacional de Agricultura |
||
| 041 | _a(Pt) | ||
| 072 | _aL51; Q54 | ||
| 100 | 1 | _aAndrade, J.B. de | |
| 100 | 1 | _aFerrari Júnior, E. | |
| 100 | 1 | _aBraun, G. | |
| 245 | 1 | _aValor nutritivo de cana-de-açúcar tratada com hidróxido de sódio e acrescida de rolão-de-milho | |
| 650 | _aOVINO | ||
| 650 | _aCANA DE AÇÚCAR | ||
| 650 | _aVALOR NUTRITIVO | ||
| 650 | _aHIDRÓXIDO DE SÓDIO | ||
| 650 | _aMATÉRIA SECA | ||
| 650 | _aDIGESTIBILIDADE | ||
| 650 | _aALIMENTO ANIMAL | ||
| 773 | 0 |
_tPesquisa Agropecuária Brasileira (Brazil) _xISSN 0100-204X _g(Oct 2001), v. 36(10) p. 1265-1268 _wBR0200419 |
|
| 909 |
_a202311 _bLúcia _c55 _dLúcia Elande |
||
| 942 |
_2AGRIS _n0 _cANA |
||
| 999 |
_c168839 _d168839 |
||